000 00445nam a2200169 a 4500
001 0000-8619
003 ELIB.Books
008 110520 1985
035 _a(ELIB.Books)0000-8765
082 _a223.06
_bKid
100 _aKidner, Derek
245 _aThe Wisdom of Proverbs,Job & Ecclesiastes
260 _bIllinois: Inter Varsity Press
_c1985
650 _aOld Testament
942 _2ddc
_cBK
998 _cbat
_e2011-05-20
999 _c8619
_d8619